|
|
|
|
| LEADER |
00000nam0a2200000 4500 |
| 001 |
153396 |
| 005 |
20231031151404.0 |
| 010 |
|
|
|a 9785911816407
|
| 035 |
|
|
|a (RuTPU)RU\TPU\book\166424
|
| 090 |
|
|
|a 153396
|
| 100 |
|
|
|a 20090212d2007 m y0rusy50 ca
|
| 101 |
0 |
|
|a rus
|
| 102 |
|
|
|a RU
|
| 105 |
|
|
|a y z 000ay
|
| 200 |
1 |
|
|a С викингами на Свальбард
|e [повесть, очерк]
|f М. Семенова
|
| 210 |
|
|
|a СПб.
|c Азбука-классика
|d 2007
|
| 215 |
|
|
|a 448 с.
|
| 330 |
|
|
|a Отважные и мужественные люди становятся героями книг Марии Семёновой, автора знаменитого «Волкодава», основоположницы жанра «русское фэнтези». В том числе и викинги — могучие северные воины, искусные мореплаватели, не знавшие ни жалости, ни страха смерти. Паруса их драккаров заметны были издалека. И когда такой парус поднимался над горизонтом, жители прибрежных селений в ужасе бежали, спасая свою жизнь. Об отваге, мужестве и жестокости викингов ходили легенды, многие из которых дошли до наших дней. В книгу вошла историческая повесть «С викингами на Свальбард» и очерк «Я расскажу тебе о викингах», в которых Мария Семёнова в увлекательной форме рассказывает о жизни викингов, развеивая попутно некоторые сложившиеся о северных воителях мифы.
|
| 610 |
1 |
|
|a русская литература
|
| 610 |
1 |
|
|a исторические повести
|
| 610 |
1 |
|
|a очерки
|
| 610 |
1 |
|
|a викинги
|
| 675 |
|
|
|a Р2
|v 3
|
| 700 |
|
1 |
|a Семенова
|b М. В.
|c русская писательница
|f 1958
|g Мария Васильевна
|2 stltpush
|3 (RuTPU)RU\TPU\pers\42058
|4 070
|
| 801 |
|
1 |
|a RU
|b 63413507
|c 20090212
|g PSBO
|
| 801 |
|
2 |
|a RU
|b 63413507
|c 20181025
|g PSBO
|
| 942 |
|
|
|c BK
|